Label the Parts of the Heart - Statistics

General Stats
  • This quiz has been taken 564 times
  • The average score is 7 of 14
Answer Stats
Answer % Correct
Aorta
84%
Left Ventricle
84%
Right Ventricle
84%
Left Atrium
77%
Right Atrium
76%
Pulmonary Artery
47%
Pulmonary Vein
46%
Superior Vena Cava
36%
Inferior Vena Cava
30%
Tricuspid Valve
29%
Mitral Valve
18%
Pulmonary Valve
18%
Aortic Valve
16%
Septum
13%
No matching quizzes found
Score Distribution
Percent of People with Each Score
Percentile by Number Answered
Your Score History
You have not taken this quiz